Strategic change management in the public sector (Registro nro. 304182)

Detalles MARC
000 -ENCABEZADO
Número de control [NR] 01028nam a2200265 a 4500
001 - NÚMERO DE CONTROL
control field ocn494364759
005 - FECHA Y HORA DE LA ÚLTIMA TRANSACCIÓN
control field 20170608111010.0
008 - DE LONGITUD FIJA DE DATOS DE ELEMENTOS - INFORMACIÓN GENERAL
Elementos de longitud fija [NR] 16 s2007 xxuad fr 001 0 eng d
020 ## - NUMERO INTERNACIONAL NORMALIZADO PARA LIBROS [R]
Número Internacional Normalizado del libro [NR] 9780470516843
020 ## - NUMERO INTERNACIONAL NORMALIZADO PARA LIBROS [R]
Número Internacional Normalizado del libro [NR] 0470516844
035 ## - NUMERO DE CONTROL DEL SISTEMA [R]
Número de control del sistema [NR] (OCoLC)494364759
040 ## - FUENTE DE CATALOGACION [NR]
Agencia de catalogación original [NR] CO-BoUCM
Idioma de catalogación [NR] español
Quien Cataloga Edgar Pinilla
Quien Clasifica Edgar Pinilla
041 ## - CODIGO DE IDIOMA [R]
Código de idioma para texto/pista de sonido o título separado [R] Inglés
245 00 - MENCION DE TITULO [NR]
Título [NR] Strategic change management in the public sector
Parte restante del título [NR] an EFMD European case book
Mención de responsabilidad, etc. [NR] edited by Francesco Longo and Daniela Cristofoli
260 ## - PUBLICACION, DISTRIBUCION, ETC. (PIE DE IMPRENTA) [R]
Lugar de publicación, distribución, etc. [R] Hoboken (Nueva Jersey, Estados Unidos)
Nombre del editor, distribuidor, etc. [R] John Wiley & Sons
Fecha de publicación, distribución, etc. [R] 2007
300 ## - DESCRIPCION FISICA [R]
Extensión [R] xxi, 327 páginas
Otros detalles físicos [NR] ilustraciones, gráficas
650 04 - ASIENTO SECUNDARIO DE MATERIA - TERMINO TEMATICO [R]
Término temático o nombre geográfico como elemento de entrada [NR] Administración pública
Subdivisión geográfica [R] Europa
9 (RLIN) 79294
650 04 - ASIENTO SECUNDARIO DE MATERIA - TERMINO TEMATICO [R]
Término temático o nombre geográfico como elemento de entrada [NR] Cambio organizacional
Subdivisión geográfica [R] Europa
9 (RLIN) 79295
650 04 - ASIENTO SECUNDARIO DE MATERIA - TERMINO TEMATICO [R]
Término temático o nombre geográfico como elemento de entrada [NR] Planificación estratégica
Subdivisión geográfica [R] Europa
9 (RLIN) 79296
690 #0 - ASUNTO AGREGADO LOCAL DE ENTRADA - TÉRMINO TEMÁTICO (OCLC, RLIN)
Acceso temático local Administración pública
9 (RLIN) 355
700 1# - ASIENTO SECUNDARIO - NOMBRE PERSONAL [R]
Nombre personal [NR] Longo, Francesco
Término de relación [R] editor
9 (RLIN) 79297
700 1# - ASIENTO SECUNDARIO - NOMBRE PERSONAL [R]
Nombre personal [NR] Cristofoli, Daniela
Término de relación [R] editor
9 (RLIN) 79298
942 ## - ELEMENTOS DE ENTRADA AGREGADOS (KOHA)
Sistema de clasificación DEWEY
Tipo de ítem principal el descrito en 300a Libro
Tema principal Administración
Edición 1
Clasificación 350
Parte restante de la signatura top. S898
Existencias
Total préstamos Signatura topográfica Código de barras Última vez visto Ejemplar Costo de reposición Price effective from Tipo de ítem Nota pública (OPAC) Perdido Sistema de clasificación Dañado No prestable Tipo de ítem específico Suprimido Ubicación habitual Ubicación actual Localización Fecha de creación Proveedor Forma de adquisición Costo
  350 S898 100150075 04/12/2025 Ej.1 26000.00 16/08/2016 Libro Galería de donantes   DEWEY     Libro   Claustro Claustro 3er piso 16/08/2016 12 Donación 0.00